LEADER 00954nam0-22003371i-450 001 990001759050403321 005 20201008130320.0 010 $a0-19-506698-7 035 $a000175905 035 $aFED01000175905 035 $a(Aleph)000175905FED01 035 $a000175905 100 $a20030910d1991----km-y0itay50------ba 101 0 $aeng 102 $aUS 105 $aa 001yy 200 1 $aPhylogenetic analysis of DNA sequences$fedited by Michael M. Miyamoto, Joel Cracraft 210 $aOxford$cOxford University Press$d1991 215 $aX, 358 p.$cill.$d24 cm 610 0 $aDNA 676 $a574.873 282 676 $a572.86$v23$zita 702 1$aCracraft,$bJoel 702 1$aMiyamoto,$bMichael M. 801 0$aIT$bUNINA$gRICA$2UNIMARC 901 $aBK 912 $a990001759050403321 952 $a60 572.86 MIYM 1991$b3678$fFAGBC 959 $aFAGBC 996 $aPhylogenetic analysis of DNA sequences$9362998 997 $aUNINA LEADER 00757nam0 2200277 450 001 9910594471803321 005 20221014123149.0 010 $a978-88-6036-628-3$bpaperback 100 $a20221014d2011----km y0itay50 ba 101 $aita 102 $aIT 105 $aa 001yy 200 1 $aCamminare, una rivoluzione$fAdriano Labbucci 210 $aRoma$cDonzelli$dc2011 215 $aV, 149 p.$d17 cm 225 1 $aSaggine$v178 610 0 $aVIAGGI A PIEDI 676 $a796.5$v19$zita 700 1$aLabbucci,$bAdriano$0611552 801 0$aIT$bUNINA$gREICAT$2UNIMARC 901 $aBK 912 $a9910594471803321 952 $aSAG-LAB-1$bINV. INT. 2022/137$fSC1 959 $aSC1 996 $aCamminare, una rivoluzione$91136779 997 $aUNINA LEADER 04880nam 22006135 450 001 9910253870703321 005 20200701143747.0 010 $a3-319-25172-4 024 7 $a10.1007/978-3-319-25172-1 035 $a(CKB)3890000000006155 035 $a(DE-He213)978-3-319-25172-1 035 $a(MiAaPQ)EBC4519038 035 $a(PPN)194078515 035 $a(EXLCZ)993890000000006155 100 $a20160503d2016 u| 0 101 0 $aeng 135 $aurnn|008mamaa 181 $ctxt$2rdacontent 182 $cc$2rdamedia 183 $acr$2rdacarrier 200 10$aAtlas of Animal Anatomy and Histology /$fby Péter L?w, Kinga Molnár, György Kriska 205 $a1st ed. 2016. 210 1$aCham :$cSpringer International Publishing :$cImprint: Springer,$d2016. 215 $a1 online resource (XV, 413 p. 362 illus., 361 illus. in color.) 311 $a3-319-25170-8 320 $aIncludes bibliographical references and index. 327 $aPart I Invertebrates -- Cnidaria -- Stereomicroscopic examination of a Hydra sp. -- Light microscopic view of a section through wall of Hydra sp. -- Flatworms (Platyhelminthes) -- Stereomicroscopic examination of a Planaria sp. -- Light microscopic view of sections of Planaria sp. (body wall, and eye) -- Roundworms (Nematoda) -- Dissection of Ascaris suum -- Histological sections of Ascaris suum (body wall, intestine, male and female gonads) -- Annelids -- Dissection of an earthworm (Lumbricus sp.) -- Histological sections of an earthworm (cross section and longitudinal section) -- Molluscs -- Dissection of a snail (Helix sp.) -- Histological sections of a snail (Helix sp.) (mantle edge, heart/lung/kidney, digestive gland, and eye) -- Dissection of a mussel (Anodonta sp.) -- Histological sections of a mussel (Anodonta sp.) (gills and total cross section) -- Arthropods -- Crustaceans -- Dissection of a crayfish (Astacus sp.) -- Histological sections of a crayfish (Astacus sp.) (digestive gland) -- Insects -- Dissection of a cockroach (Blaberus sp.) -- Histological sections of a cockroach (Blaberus sp.) (gizzard, intestine/cecae, Malpighian tubules, trachea, and fat body) -- Part II Vertebrates -- Fishes -- Dissection of a crucian (Carassius sp.) -- Formalin-fixed specimens (heart, stomach, intestine) -- Histological sections (skin/operculum, mouth mucosa, gills, and kidney) -- Amphibians -- Dissection of a frog (Rana sp.) -- Formalin -fixed specimens (heart, stomach, intestine) -- Histological sections (skin, lung, kidney, intestine, and ovary) -- Birds -- Dissection of a chicken (Gallus sp.) -- Formalin -fixed specimens (heart, stomach, intestine) -- Histological sections (skin, preen gland, and lung) -- Mammals -- Dissection of a rat (Rattus sp.) -- Formalin -fixed specimens (heart, stomach, intestine) -- Histological sections (sinus hair, fingertip, trachea, lung, salivary gland, stomach, liver, pancreas, blood, ovary, uterus, testis, and epididymis) -- Index. 330 $aThis atlas presents the basic concepts and principles of functional animal anatomy and histology thereby furthering our understanding of evolutionary concepts and adaptation to the environment. It provides a step-by-step dissection guide with numerous colour photographs of the animals featured. It also presents images of the major organs along with histological sections of those organs. A wide range of interactive tutorials gives readers the opportunity to evaluate their understanding of the basic anatomy and histology of the organs of the animals presented. . 606 $aAnatomy 606 $aInvertebrates 606 $aVertebrates 606 $aAnimals$vClassification 606 $aAnimals$vClassification 606 $aAnimal Anatomy / Morphology / Histology$3https://scigraph.springernature.com/ontologies/product-market-codes/L25015 606 $aInvertebrates$3https://scigraph.springernature.com/ontologies/product-market-codes/L25058 606 $aVertebrates$3https://scigraph.springernature.com/ontologies/product-market-codes/L25074 606 $aAnimal Systematics/Taxonomy/Biogeography$3https://scigraph.springernature.com/ontologies/product-market-codes/L2504X 615 0$aAnatomy. 615 0$aInvertebrates. 615 0$aVertebrates. 615 0$aAnimals 615 0$aAnimals 615 14$aAnimal Anatomy / Morphology / Histology. 615 24$aInvertebrates. 615 24$aVertebrates. 615 24$aAnimal Systematics/Taxonomy/Biogeography. 676 $a571.31 700 $aL?w$b Péter$4aut$4http://id.loc.gov/vocabulary/relators/aut$0773257 702 $aMolnár$b Kinga$4aut$4http://id.loc.gov/vocabulary/relators/aut 702 $aKriska$b György$4aut$4http://id.loc.gov/vocabulary/relators/aut 906 $aBOOK 912 $a9910253870703321 996 $aAtlas of Animal Anatomy and Histology$92536184 997 $aUNINA